| 000 | 00822cam a22002654a 4500 | ||
|---|---|---|---|
| 001 | 15854698 | ||
| 005 | 20180205042020.0 | ||
| 008 | 090805s2009 njua b 001 0 eng c | ||
| 010 | _a 2009280192 | ||
| 020 | _a9789812834201 | ||
| 020 | _a9812834206 | ||
| 035 | _a(OCoLC)ocn318899046 | ||
| 040 |
_aNz _cNZLNU _dBWX _dWAU _dYDXCP _dDLC |
||
| 041 | _aeng | ||
| 042 | _apcc | ||
| 080 | _a608 MA | ||
| 082 | 0 | 0 |
_a608 MA _222 |
| 100 | 1 | _a27 | |
| 101 | _aIM | ||
| 245 | 1 | 0 |
_aFundamentals of patenting and licensing for scientists and engineers / _cMatthew Y. Ma |
| 504 | _aIncludes bibliographical references (p. 257-258) and index. | ||
| 906 |
_a7 _bcbc _cpccadap _d2 _encip _f20 _gy-gencatlg |
||
| 942 |
_2ddc _cBK |
||
| 999 |
_c41735 _d41735 |
||